000 00204nam a2200085Ia 4500
008 220204s9999 xx 000 0 und d
245 0 _aKFRI Research Report 1985
260 _aPeechi
_bKFRI
_c1985
942 _cBK
999 _c43624
_d43624